Vraciam sa k Štefánikovi

Bibliographic Details
Main Author: Juríček, Ján, 1922-1992 (Author)
Format: Article
Language:Slovak
PhysicalDescription:Fot. 2.
Subjects:

MARC

LEADER 00000nab a2200000 a 4500
001 vtls000385741
003 SK-MaSNL
005 20260302223055.0
008 160215c1990 xo 0 slo
015 |a SNBRB19rr/mm-uuuuu 
035 |a CL0385864 
040 |a SNKBUCL  |b slo  |c SNKBUCL  |e AACR2 
041 0 |a slo 
044 |a xo  |c SK 
080 |a 82:929:885.4  |2 1981 
080 |a 929  |2 1981 
080 |a 885.4  |2 1981 
080 |a 929 Štefánik, Milan Rastislav  |2 1981 
080 |a 943.76  |2 1981 
080 |a 929 Juríček, Ján  |2 1981 
100 1 |a Juríček, Ján,  |d 1922-1992  |4 aut  |9 37635 
245 1 0 |a Vraciam sa k Štefánikovi  |c Ján Juríček ; Milan Rastislav Štefánik 
300 |b Fot. 2. 
600 1 7 |a Juríček, Ján,  |d 1922-1992  |2 snkbucl  |9 37635 
655 7 |a články z novín a časopisov  |2 snkbucl  |9 267496 
655 7 |a články z odboru literárna veda a krásna literatúra  |2 snkbucl  |9 770045 
773 0 |t Nové knihy  |g Č. 23 (1990), s. /8/ 
850 |a Slovenská národná knižnica v Martine  |a MTA001 
852 |a SNK  |b KIS3GCP 
958 |a BX 
958 |a RK 
958 |a LX 
992 |a RBX 
999 |c 1519084  |d 1521014